000
00182 a2200097 4500
020
_a
9781602550018
041
_a
spa
100
_a
JULISSA
245
_a
EL RITMO DE LA VIDA
942
_c
BK
999
_c
2522
_d
2522